[Event "FRA-chT4 0203"]
[Site "Bretagne"]
[Date "2003.01.19"]
[Round "4"]
[White "Mahe, Romain"]
[Black "Lages, Michel"]
[Result "0-1"]
[WhiteElo "1730"]
[BlackElo "1950"]
[PlyCount "126"]
[EventDate "2002.10.??"]
[EventType "team"]
[EventRounds "7"]
[EventCountry "FRA"]
[SourceTitle "EXT 2007"]
[Source "ChessBase"]
[SourceDate "2006.11.23"]
[SourceVersion "1"]
[SourceVersionDate "2006.11.23"]
[SourceQuality "1"]

1. e4 c5 2. Nf3 e6 3. d4 cxd4 4. Nxd4 Nf6 5. Nc3 Nc6 6. Be3 Bb4 7. Bd3 d5 8. f3 Nxd4 9. Bxd4 dxe4 10. Bb5+ Bd7 11. Bxf6 gxf6 12. Bxd7+ Qxd7 13. fxe4 Bxc3+ 14. bxc3 Qxd1+ 15. Rxd1 Rc8 16. Rd3 Rc4 17. 0-0 Rxe4 18. Rxf6 Ke7 19. Rdf3 Rf8 20. Rh6 Re1+ 21. Rf1 Rxf1+ 22. Kxf1 Rc8 23. Rh3 Rc5 24. Ke2 h5 25. Kd2 Rg5 26. g3 Kd6 27. Rh4 Rf5 28. Ke3 f6 29. Ra4 a6 30. Rd4+ Rd5 31. a4 Kc5 32. Rf4 f5 33. Rh4 a5 34. c4 Rd1 35. Rxh5 Kxc4 36. Rh7 b5 37. Rc7+ Kb4 38. axb5 Kxb5 39. h4 a4 40. Ke2 Rd6 41. Rb7+ Kc4 42. Ra7 Kb4 43. Rb7+ Kc3 44. Ra7 Rd4 45. Rc7+ Kb2 46. c4 a3 47. Ke3 Re4+ 48. Kd2 Rd4+ 49. Ke3 Rd1 50. Rb7+ Kc3 51. Ra7 Kb3 52. Rb7+ Kxc4 53. Rc7+ Kb3 54. Rb7+ Kc2 55. Rc7+ Kb2 56. Rb7+ Ka1 57. Ra7 a2 58. h5 Rh1 59. Rh7 Kb2 60. Rb7+ Kc3 61. Rc7+ Kb4 62. Rb7+ Kc5 63. Ra7 a1Q 0-1

[Event "Bretagne tt 0203"]
[Site "Bretagne"]
[Date "2002.11.17"]
[Round "2.3"]
[White "Carfantan, Jean Pierre"]
[Black "Lages, Michel"]
[Result "1/2-1/2"]
[WhiteElo "1840"]
[BlackElo "1970"]
[PlyCount "140"]
[EventDate "2002.??.??"]
[EventType "team"]
[EventRounds "9"]
[EventCountry "FRA"]
[SourceTitle "EXT 2004"]
[Source "ChessBase"]
[SourceDate "2003.11.25"]
[SourceVersion "1"]
[SourceVersionDate "2003.11.25"]
[SourceQuality "1"]

1. e4 c5 2. Nf3 e6 3. d4 cxd4 4. Nxd4 Nf6 5. Bd3 Nc6 6. Nxc6 bxc6 7. 0-0 Be7 8. Kh1 0-0 9. f4 d6 10. Nc3 e5 11. fxe5 dxe5 12. Bg5 Ng4 13. Bxe7 Qxe7 14. Qf3 Rb8 15. Nd1 Be6 16. b3 Qh4 17. h3 a5 18. Ne3 Nxe3 19. Qxe3 g5 20. Rf3 Kh8 21. Raf1 g4 22. Rg3 Rg8 23. Kh2 Rg6 24. Qc5 Rg5 25. Rf5 f6 26. Rxf6 Rbg8 27. Rf8 gxh3 28. Rxg8+ Bxg8 29. Rxh3 Qf4+ 30. Kg1 Qg4 31. Rh2 Qd1+ 32. Bf1 Qd4+ 33. Qxd4 exd4 34. Bd3 Kg7 35. Rh4 Be6 36. e5 Bd5 37. Rxh7+ Kf8 38. Ra7 Rxg2+ 39. Kf1 Rg5 40. Rxa5 Rxe5 41. Ra7 Ke8 42. Rh7 Kd8 43. Rh1 c5 44. Rh2 Kc7 45. Re2 Rh5 46. Ke1 Rh1+ 47. Kd2 Bf3 48. Re1 Rxe1 49. Kxe1 Kb6 50. Kd2 Ka5 51. c3 dxc3+ 52. Kxc3 Bd5 53. Bc4 Be4 54. a3 Kb6 55. Kd2 Kc6 56. Ke3 Bg2 57. Kf4 Kd6 58. a4 Kc6 59. a5 Bh3 60. Ke5 Bc8 61. a6 Kb6 62. Kd6 Bg4 63. a7 Kxa7 64. Kxc5 Kb8 65. b4 Bf3 66. Bd5 Be2 67. Bc4 Bf3 68. b5 Bg2 69. Bd5 Bf1 70. b6 Be2 1/2-1/2